000 00428nam a2200193Ia 4500
005 20250603145309.0
008 250603s9999 xx 000 0 und d
020 _a0-321-1621120
050 _aHB 172.5 .A24/
100 _aAndrew B. Abel
245 0 _aMacro Economics
250 _a5th ed.
260 _aBoston
260 _bPearson Educatio
260 _c2005
300 _a630 p
650 _aBoston
942 _cBK
999 _c41447
_d41447